| 000 | 00355nam a2200157Ia 4500 | ||
|---|---|---|---|
| 008 | 230917s9999||||xx |||||||||||||| ||und|| | ||
| 020 | _cRS6.5 | ||
| 040 |
_e43248 _aMAIN |
||
| 041 | _aEnglish | ||
| 082 | _a942 E36E | ||
| 100 | _aEmery, R J | ||
| 245 | 0 | _aEnglishman's England | |
| 260 |
_aLondon _bMacmillan _c1965 |
||
| 300 | _a206 p. | ||
| 942 | _cBK | ||
| 999 |
_c187249 _d187249 |
||